000
00288nam a2200109Ia 4500
008
220204s9999 xx 000 0 und d
082
_a
82(079.1)
_b
BLO
100
_a
Bloor, M
245
0
_a
Objective tests in English as a foreign language
260
_a
London
_b
Macmillan
_c
1977
942
_c
BK
999
_c
34921
_d
34921